| 000 | 01615nam a2200301 a 4500 | ||
|---|---|---|---|
| 001 | 000028796 | ||
| 005 | 20250526114442.0 | ||
| 008 | 101007s2007 dr a 000 0 spa d | ||
| 020 | _a9789993467427 | ||
| 040 |
_aDO-SdBNP _bspa _cBNPHU |
||
| 082 |
_a155.937 _bB828c, 2007 |
||
| 100 | 1 |
_aBrea Franco, Rosa Mariana _946192 |
|
| 245 | 1 | 3 |
_aEl duelo : _bun camino hacia la transformación / _cRosa Mariana Brea Franco ; prólogo Pedro Pablo Paredes Vallejo. |
| 250 | _a2a ed. | ||
| 260 |
_aSanto Domingo : _bAmigo del Hogar, _c2007. |
||
| 300 |
_a330 p. ; _c26 cm. |
||
| 500 | _aLa biblioteca posee la reimpresión de la 2a. edición de 2007 | ||
| 500 | _aIncluye datos biográficos de la autora en las solapas | ||
| 504 | _aBibliografía : p. 327-330 | ||
| 505 | 0 | _aEl significado de las crisis -- El proceso del duelo -- El duelo al microscopio -- Teorias que sustentan el duelo -- Factores que influencian el duelo -- Diferentes tipos de muerte -- ¿Quién muere? -- La importancia del funeral -- Los hombres y el proceso del duelo -- Los niños y el proceso del duelo -- El enfermo terminal -- Pérdidas intangibles -- Otras pérdidas significativas -- La crisis del divorcio -- El proceso del divorcio: otras investigaciones -- La experiencia de un divorcio --. La ayuda psicológica -- Conclusión --. | |
| 590 | _aInventariado, 2018/LP | ||
| 650 | 0 |
_aDuelo _946193 |
|
| 650 | 4 |
_aMuerte _911503 |
|
| 650 | 0 |
_aPérdida (Psicología) _946194 |
|
| 650 | 4 |
_aDivorcio _xAspectos psicológicos _946195 |
|
| 700 | 1 | 2 |
_aParedes Vallejo, Pedro Pablo, _epról. _955773 |
| 910 | _aValidado. Control de calidad MFF | ||
| 999 |
_c28288 _d28288 |
||